The basketball player's bible : a comprehensive ... Read More
Available copies
- 2 of 2 copies available at LARL/NWRL Consortium.
- 2 of 2 copies available at Northwest Regional Library. (Show preferred library)
Current holds
0 current holds with 2 total copies.
Show Only Available Copies
| Location | Call Number / Copy Notes | Barcode | Shelving Location | Status | Due Date |
|---|---|---|---|---|---|
| Red Lake Falls Public Library | 796.323 GOL (Text) | 35500002292082 | Main | Available | - |
| Thief River Falls Public Library | 796.323 GOL (Text) | 35500003386503 | Main | Available | - |
Record details
- Physical Description: 269 p. : ill. ; 28 cm.
- Publisher: Philadelphia : Golden Aura Pub., c1994.
Content descriptions
| General Note: | Includes index. "Applauded by coaches."--Cover. "A detailed explanation of every aspect of the game."--Cover. |
Search for related items by subject
| Subject: | Basketball. |
Search for related items by series
| LDR | 01119cam a2200289Ia 4500 | ||
|---|---|---|---|
| 001 | 15114 | ||
| 003 | LARL_NWRL_CONSORTIUM | ||
| 005 | 19950313103200.0 | ||
| 008 | 950217s1994 paua 001 0 eng d | ||
| 020 | . | ‡z188435713x : ‡c$24.95 | |
| 035 | . | ‡a(OCoLC)32007229 | |
| 092 | 0 | . | ‡a796.323 ‡220 |
| 092 | . | ‡a796.323 ‡bGol | |
| 100 | 1 | . | ‡aGoldstein, Sidney. ‡0(LARL_NWRL_CONSORTIUM)114879 |
| 245 | 1 | 4. | ‡aThe basketball player's bible : ‡ba comprehensive and systematic guide to playing / ‡cSidney Goldstein. |
| 260 | . | ‡aPhiladelphia : ‡bGolden Aura Pub., ‡cc1994. | |
| 300 | . | ‡a269 p. : ‡bill. ; ‡c28 cm. | |
| 490 | 0 | . | ‡aNitty gritty basketball |
| 500 | . | ‡aIncludes index. | |
| 500 | . | ‡a"Applauded by coaches."--Cover. | |
| 500 | . | ‡a"A detailed explanation of every aspect of the game."--Cover. | |
| 650 | 0. | ‡aBasketball. ‡0(LARL_NWRL_CONSORTIUM)14709 | |
| 901 | . | ‡a15114 ‡bOCLC ‡c15114 ‡tbiblio | |

Add to basket
Permalink
Disable Highlighting